[Event "Araraquara op"]
[Site "Araraquara"]
[Date "2023.02.19"]
[Round "1.41"]
[White "Casalaspro, Mathias Andre"]
[Black "Squarcini, Eric Alexandrino Sa"]
[Result "1-0"]
[WhiteElo "1828"]
[BlackElo "1800"]
[PlyCount "47"]
[EventDate "2023.02.19"]
[EventType "swiss"]
[EventRounds "6"]
[EventCountry "BRA"]
[SourceTitle "CBM 213 Extra"]
[Source "ChessBase"]
[SourceDate "2023.05.31"]
[SourceVersion "1"]
[SourceVersionDate "2023.05.31"]
[SourceQuality "1"]

1. e4 c5 2. Nf3 Nc6 3. c3 Nf6 4. e5 Nd5 5. d4 cxd4 6. cxd4 d6 7. Qb3 Nb6 8. Nc3 Bg4 9. Bb5 a6 10. Bxc6+ bxc6 11. Ng5 e6 12. 0-0 h6 13. Nge4 d5 14. Ng3 h5 15. f3 h4 16. fxg4 hxg3 17. h3 Rb8 18. Ne2 c5 19. Qf3 Qd7 20. b3 c4 21. Bd2 Ba3 22. Rab1 Rf8 23. bxc4 dxc4 24. Qxa3 1-0

[Event "Araraquara op"]
[Site "Araraquara"]
[Date "2023.02.19"]
[Round "2.46"]
[White "Squarcini, Eric Alexandrino Sa"]
[Black "Vieira, Luana Saddi"]
[Result "0-1"]
[WhiteElo "1800"]
[BlackElo "1497"]
[PlyCount "106"]
[EventDate "2023.02.19"]
[EventType "swiss"]
[EventRounds "6"]
[EventCountry "BRA"]
[SourceTitle "CBM 213 Extra"]
[Source "ChessBase"]
[SourceDate "2023.05.31"]
[SourceVersion "1"]
[SourceVersionDate "2023.05.31"]
[SourceQuality "1"]

1. e4 e5 2. Bc4 Nf6 3. d3 c6 4. Nf3 d5 5. exd5 cxd5 6. Bb5+ Bd7 7. Bxd7+ Nbxd7 8. 0-0 Bd6 9. c3 Qc7 10. Nbd2 0-0 11. Re1 Rfe8 12. Nf1 Rac8 13. Bg5 h6 14. Bh4 Qb6 15. Qd2 d4 16. Rab1 Qa5 17. b4 dxc3 18. bxa5 cxd2 19. N1xd2 Rc5 20. Nc4 Bc7 21. Rxb7 e4 22. Bxf6 Nxf6 23. Nfd2 Bxa5 24. Nxa5 Rxa5 25. Nxe4 Nxe4 26. Rxe4 Rxe4 27. Rb8+ Kh7 28. dxe4 Rxa2 29. g3 a5 30. h4 a4 31. Kg2 a3 32. h5 Ra1 33. Ra8 a2 34. Kf3 Rh1 35. Rxa2 Rxh5 36. g4 Rc5 37. Ra7 Rc3+ 38. Kg2 Kg6 39. f3 Kf6 40. Ra6+ Ke5 41. Kg3 Rd3 42. Ra7 Ke6 43. Ra6+ Rd6 44. Ra3 g5 45. f4 Rd7 46. Ra6+ Rd6 47. Rxd6+ Kxd6 48. Kf3 f6 49. fxg5 hxg5 50. Ke2 Ke6 51. Kf3 Kd6 52. Ke3 Ke5 53. Kd3 Kf4 0-1